Mixed Word: 5 Letter A-Z III Quiz Stats

Quiz Updated Feb 15, 2012

Challenge
Share
Tweet
Embed
Score 0/26 Timer 03:00
1 Play Today
Mixed Word Answer % Correct
KIBRCBRICK
98.7%
SECHSCHESS
97.6%
LELYJJELLY
96.9%
TIQEUQUIET
95%
REFUMFEMUR
94.8%
DOHANHONDA
93.7%
LOGEVGLOVE
93.5%
LYONNNYLON
92.7%
OHNIRRHINO
92.2%
ATELDDELTA
91.4%
ZOOENOZONE
91.3%
TIRAEIRATE
87.2%
GROANARGON
84.1%
Mixed Word Answer % Correct
KIHKAKHAKI
83.5%
DELIYYIELD
82.7%
TASVIVISTA
82.5%
KOAPLPOLKA
82.4%
MAELIEMAIL
82.2%
THAWRWRATH
81.9%
CHILZZILCH
79.4%
LUUVAUVULA
78.1%
VIHASSHIVA
77.1%
RYRHMMYRRH
73%
LOTANTALON
65.7%
BLAIRLIBRA
56.9%
AXINEXENIA
34.1%

You're not logged in!

Compare scores with friends on all Sporcle quizzes.
Sign Up with Email
OR
Log In

You Might Also Like...

Show Comments

Extras

Top Quizzes Today


Score Distribution

Your Account Isn't Verified!

In order to create a playlist on Sporcle, you need to verify the email address you used during registration. Go to your Sporcle Settings to finish the process.